[Event "Vojvodina-chT 2nd League"]
[Site "Stari Banovci"]
[Date "2013.11.05"]
[Round "3"]
[White "Sevo, Dusan"]
[Black "Dimitrijevic, Nenad"]
[Result "1-0"]
[WhiteElo "2238"]
[BlackElo "2197"]
[PlyCount "113"]
[EventDate "2013.11.03"]
[EventType "team-tourn"]
[EventRounds "11"]
[EventCountry "SRB"]
[SourceTitle "EXT 2015"]
[Source "ChessBase"]
[SourceDate "2014.11.20"]
[SourceVersion "1"]
[SourceVersionDate "2014.11.20"]
[SourceQuality "1"]

1. g3 Nf6 2. Bg2 g6 3. c4 Bg7 4. Nc3 0-0 5. e3 e5 6. Nge2 d6 7. 0-0 c6 8. d4 Re8 9. h3 h5 10. d5 e4 11. dxc6 bxc6 12. b3 d5 13. Qc2 dxc4 14. Rd1 cxb3 15. axb3 Qe7 16. Ra4 Bf5 17. Nd4 Bd7 18. Nde2 Bf5 19. Ba3 Qb7 20. Nd4 Nbd7 21. Nce2 Nb6 22. Nxf5 gxf5 23. Ra5 Nbd5 24. Nd4 Reb8 25. Bc5 Qc8 26. Bxa7 Rb7 27. Bc5 h4 28. Bd6 Qd8 29. Qc5 hxg3 30. Bxg3 Bf8 31. Nxc6 Bxc5 32. Nxd8 Rxd8 33. Rxc5 Rxb3 34. Bf1 Re8 35. Rdxd5 Nxd5 36. Rxd5 Kg7 37. Rxf5 Kg6 38. Rc5 Rb1 39. Kg2 Ra8 40. Be2 Raa1 41. Bh5+ Kh7 42. Bh2 f6 43. Bg4 Re1 44. Rd5 Kg7 45. h4 Ra2 46. h5 Rxe3 47. Rd7+ Kh8 48. Bf4 Rc3 49. Bg3 Re3 50. Kh3 Re1 51. Bf5 Ra5 52. Kg4 Re5 53. Bg6 Kg8 54. Bh4 Re6 55. Kf4 Rb6 56. h6 Rb8 57. Bxe4 1-0

[Event "SRB-chT2 Vojvodina League"]
[Site "Kac"]
[Date "2012.10.17"]
[Round "6"]
[White "Sevo, Dusan"]
[Black "Kovacevic, Dragisa"]
[Result "0-1"]
[WhiteElo "2266"]
[BlackElo "2236"]
[PlyCount "108"]
[EventDate "2012.10.14"]
[EventType "team-swiss"]
[EventRounds "11"]
[EventCountry "SRB"]
[SourceTitle "EXT 2015"]
[Source "ChessBase"]
[SourceDate "2014.11.20"]
[SourceVersion "1"]
[SourceVersionDate "2014.11.20"]
[SourceQuality "1"]

1. e4 c5 2. Nf3 e6 3. d3 Nc6 4. g3 d5 5. Nbd2 Nf6 6. Bg2 Be7 7. 0-0 0-0 8. Re1 Qc7 9. c3 dxe4 10. dxe4 Rd8 11. Qc2 b6 12. Nc4 Ba6 13. Bf1 Qb7 14. e5 Nd7 15. Bg5 Bxc4 16. Bxc4 h6 17. Bxe7 Nxe7 18. Qe2 Nc6 19. Rad1 Qc7 20. Qe4 Nf8 21. Bb5 Ne7 22. h4 Rab8 23. a4 Rd5 24. Bc4 Rdd8 25. Kg2 Nc6 26. Bb5 Ne7 27. h5 Rd5 28. Bc4 Rdd8 29. Kf1 Rxd1 30. Rxd1 Rd8 31. Rxd8 Qxd8 32. Ke2 Nd5 33. Qd3 Qa8 34. Nh4 Ne7 35. Qf3 Qb8 36. Qe4 Qc7 37. f4 Qd7 38. Bb5 Qc7 39. Kd2 Qb8 40. Kc2 Qc7 41. g4 Qd8 42. Nf3 Nd5 43. Bd3 Qd7 44. Kb3 Nxf4 45. Bb5 Qd1+ 46. Ka3 Nd5 47. Bd3 Qc1 48. Bc4 Ne3 49. Be2 Nd1 50. Bxd1 Qxd1 51. Qf4 Nh7 52. Qe4 a5 53. Qa8+ Nf8 54. Qe4 c4 0-1

[Event "Vojvodina-chT 2nd League"]
[Site "Sombor"]
[Date "2010.10.14"]
[Round "6"]
[White "Sevo, Dusan"]
[Black "Jovic, Stevan"]
[Result "1-0"]
[WhiteElo "2269"]
[BlackElo "2307"]
[PlyCount "81"]
[EventDate "2010.10.10"]
[EventType "team-tourn"]
[EventRounds "9"]
[EventCountry "YUG"]
[SourceTitle "CBM 138 Extra"]
[Source "ChessBase"]
[SourceDate "2010.10.29"]
[SourceVersion "1"]
[SourceVersionDate "2010.10.29"]
[SourceQuality "1"]

1. e4 c6 2. d3 d5 3. Nd2 Nf6 4. Ngf3 Bg4 5. Be2 e6 6. 0-0 Be7 7. b3 0-0 8. Bb2 a5 9. a4 Na6 10. Ne5 Bxe2 11. Qxe2 Nd7 12. f4 Nxe5 13. fxe5 Bg5 14. Rad1 Qb6+ 15. Kh1 Qe3 16. Qg4 Bh6 17. Bc1 Qg5 18. Qh3 Qg6 19. Rf3 Bxd2 20. Rg3 Qh6 21. Qxh6 Bxh6 22. Bxh6 g6 23. Bxf8 Kxf8 24. Rf3 Ke7 25. Rdf1 Rf8 26. exd5 cxd5 27. d4 Nb4 28. c3 Nc6 29. Kg1 h5 30. Kf2 Ke8 31. h3 h4 32. Ke2 Ne7 33. Rb1 Kd7 34. b4 axb4 35. Rxb4 Kc7 36. Rf1 Nc6 37. Rb2 Ne7 38. Kd3 Nf5 39. Rfb1 Rb8 40. a5 Ng3 41. Rb6 1-0

[Event "Vojvodina-chT"]
[Site "Sombor"]
[Date "2009.10.04"]
[Round "11"]
[White "Sevo, Dusan"]
[Black "Strangar, Zlatko"]
[Result "1/2-1/2"]
[WhiteElo "2268"]
[BlackElo "2192"]
[PlyCount "75"]
[EventDate "2009.09.27"]
[EventType "team-swiss"]
[EventRounds "11"]
[EventCountry "YUG"]
[SourceTitle "EXT 2012"]
[Source "ChessBase"]
[SourceDate "2011.11.24"]
[SourceVersion "1"]
[SourceVersionDate "2011.11.24"]
[SourceQuality "1"]

1. e4 e6 2. d3 d5 3. Nd2 Nf6 4. Ngf3 Bc5 5. Be2 0-0 6. 0-0 b6 7. b3 Ba6 8. Bb2 Bb7 9. e5 Nfd7 10. d4 Be7 11. Re1 c5 12. c3 Ba6 13. Rc1 Bxe2 14. Qxe2 Nc6 15. c4 dxc4 16. Nxc4 Nb4 17. a3 Nd5 18. Ne3 Nxe3 19. Qxe3 Qb8 20. Qe4 cxd4 21. Nxd4 Nc5 22. Qf3 a6 23. Rc2 Qa7 24. Nc6 Qb7 25. Nxe7+ Qxe7 26. Bd4 Rfd8 27. Bxc5 bxc5 28. Rec1 Rac8 29. h3 h6 30. Qe3 Rd5 31. b4 Rcd8 32. bxc5 Qc7 33. c6 Qxe5 34. Qxe5 Rxe5 35. c7 Rc8 36. Rd1 Rd5 37. Rb1 Rb5 38. Rd2 1/2-1/2

[Event "Vojvodina-chT"]
[Site "Sombor"]
[Date "2008.10.05"]
[Round "7"]
[White "Kolognat, Petar"]
[Black "Sevo, Dusan"]
[Result "1-0"]
[WhiteElo "2292"]
[BlackElo "2285"]
[PlyCount "53"]
[EventDate "2008.10.01"]
[EventType "team-tourn"]
[EventRounds "11"]
[EventCountry "YUG"]
[SourceTitle "EXT 2010"]
[Source "ChessBase"]
[SourceDate "2010.11.25"]
[SourceVersion "1"]
[SourceVersionDate "2010.11.25"]
[SourceQuality "1"]

1. e4 c5 2. c3 g6 3. d4 Bg7 4. Nf3 cxd4 5. cxd4 d6 6. Bb5+ Nd7 7. Nc3 a6 8. Bc4 e6 9. a4 Ngf6 10. 0-0 0-0 11. Re1 Qc7 12. Bb3 e5 13. h3 b6 14. Be3 Bb7 15. Rc1 Rad8 16. Nd5 Qb8 17. Ne7+ Kh8 18. Ng5 exd4 19. Bxd4 Ne5 20. f4 Rd7 21. Nd5 h6 22. Nxf6 Bxf6 23. Bxe5 Bxe5 24. Nxf7+ Rfxf7 25. Bxf7 Bxf4 26. Qd4+ Kh7 27. Qf6 1-0

[Event "Senta op"]
[Site "Senta"]
[Date "2002.07.21"]
[Round "5"]
[White "Popovic, Dusan"]
[Black "Sevo, Dusan"]
[Result "1-0"]
[WhiteElo "2363"]
[BlackElo "2283"]
[PlyCount "101"]
[EventDate "2002.07.19"]
[EventType "swiss"]
[EventRounds "9"]
[EventCountry "YUG"]
[SourceTitle "CBM 089 Extra"]
[Source "ChessBase"]
[SourceDate "2002.09.10"]
[SourceVersion "2"]
[SourceVersionDate "2002.09.10"]
[SourceQuality "1"]

1. e4 e6 2. d4 d5 3. Nd2 Nf6 4. e5 Nfd7 5. Bd3 c5 6. c3 Nc6 7. Ne2 cxd4 8. cxd4 f6 9. exf6 Nxf6 10. Nf3 Bd6 11. 0-0 0-0 12. Bf4 Bxf4 13. Nxf4 Ne4 14. g3 Qf6 15. h4 Qh6 16. Qc1 Bd7 17. Qe3 Rxf4 18. Qxf4 Qxf4 19. gxf4 Rf8 20. Ne5 Be8 21. Nxc6 Bxc6 22. f3 Ng3 23. Rfd1 Nh5 24. Kf2 Rxf4 25. Ke3 g6 26. Be2 a6 27. Rac1 Rf8 28. b4 Ng3 29. Bd3 Kg7 30. Rg1 Nf5+ 31. Bxf5 Rxf5 32. f4 Rf7 33. Kf3 Bb5 34. Rc8 Kf6 35. Rgc1 Bc4 36. a4 Rd7 37. Rb1 Ke7 38. Kg4 Kd6 39. b5 axb5 40. axb5 Be2+ 41. Kg3 Rf7 42. b6 Bd3 43. Ra1 Ba6 44. Ra5 Rd7 45. Rac5 h5 46. R5c7 Bd3 47. Rxd7+ Kxd7 48. Rc7+ Kd6 49. Kf2 Be4 50. Ke3 Bf5 51. Kd2 1-0

[Event "Senta op"]
[Site "Senta"]
[Date "2002.07.21"]
[Round "4"]
[White "Sevo, Dusan"]
[Black "Vojinovic, Goran"]
[Result "1/2-1/2"]
[WhiteElo "2283"]
[BlackElo "2480"]
[PlyCount "81"]
[EventDate "2002.07.19"]
[EventType "swiss"]
[EventRounds "9"]
[EventCountry "YUG"]
[SourceTitle "CBM 089 Extra"]
[Source "ChessBase"]
[SourceDate "2002.09.10"]
[SourceVersion "2"]
[SourceVersionDate "2002.09.10"]
[SourceQuality "1"]

1. e4 d5 2. exd5 Qxd5 3. Nc3 Qd8 4. d4 Nf6 5. Nf3 c6 6. h3 g6 7. Bd3 Bg7 8. 0-0 0-0 9. Re1 Nbd7 10. Bf4 b6 11. Qe2 Re8 12. Rad1 Bb7 13. Bc4 e6 14. Bg5 Qc7 15. a4 a6 16. Ne5 Nd5 17. Ng4 Nxc3 18. bxc3 Rf8 19. Qe3 b5 20. Bd3 c5 21. axb5 c4 22. Bf1 axb5 23. Bh6 Bd5 24. h4 f5 25. Bf4 Qd8 26. Bg5 Nf6 27. Nxf6+ Bxf6 28. Qf4 Bxg5 29. hxg5 Qb8 30. Re5 Ra3 31. Qd2 Qc7 32. Rb1 Qa5 33. Rb4 Ra4 34. Qe1 Rxb4 35. Rxd5 exd5 36. Qe6+ Rf7 37. Qe8+ Kg7 38. Qe5+ Kf8 39. Qd6+ Ke8 40. cxb4 Qd8 41. Qe6+ 1/2-1/2

[Event "YUG-chT2"]
[Site "Yugoslavia"]
[Date "2000.09.??"]
[Round "9"]
[White "Sevo, Dusan"]
[Black "Kostic, Milutin B"]
[Result "0-1"]
[WhiteElo "2280"]
[BlackElo "2305"]
[PlyCount "66"]
[EventDate "2000.09.??"]
[EventType "team"]
[EventRounds "11"]
[EventCountry "YUG"]
[SourceTitle "EXT 2005"]
[Source "ChessBase"]
[SourceDate "2004.11.15"]
[SourceVersion "1"]
[SourceVersionDate "2004.11.15"]
[SourceQuality "1"]

1. e4 c5 2. Nf3 Nc6 3. d4 cxd4 4. Nxd4 Qb6 5. Nb5 a6 6. Be3 Qd8 7. Nd4 Qc7 8. c4 e6 9. a3 Nf6 10. Nc3 Be7 11. Be2 0-0 12. 0-0 Rd8 13. Rc1 d6 14. f3 Qb8 15. Rf2 d5 16. cxd5 exd5 17. exd5 Nxd5 18. Nxd5 Rxd5 19. Bc4 Rd8 20. Rd2 Qe5 21. Bf2 Nxd4 22. Bxd4 Rxd4 23. Rxd4 Bc5 24. Bxf7+ Kxf7 25. Rxc5 Qxc5 26. b4 Qb6 27. Kh1 Be6 28. Qd3 Rc8 29. h3 Rc1+ 30. Kh2 Qc7+ 31. f4 g6 32. Re4 Rc4 33. Re5 Rxf4 0-1